| 000 | 00388nam a2200169Ia 4500 | ||
|---|---|---|---|
| 008 | 230524s9999 xx 000 0 und d | ||
| 020 | _a8178085283 | ||
| 082 |
_a621.381 _bGRE |
||
| 100 | _aD.C.Green | ||
| 245 | 0 | _aDigital Electronics | |
| 250 | _a5TH | ||
| 260 |
_aNEW DELHI _bPearson _c2001 |
||
| 300 | _a398 | ||
| 500 | _aQuantity Number: 3 | ||
| 650 | _aElectronics | ||
| 942 | _cBK | ||
| 999 |
_c7557 _d7557 |
||